| 000 | 00331nam a22001337a 4500 | ||
|---|---|---|---|
| 008 | 180921b xxu||||| |||| 00| 0 eng d | ||
| 020 | _a9780471465515 | ||
| 041 | _aeng | ||
| 080 |
_22nd _a159.9 |
||
| 100 | _a48 | ||
| 101 | _aPSI | ||
| 245 |
_aThe Portable Lawyer for Mental Health Professionals _cBernstein,B.E |
||
| 942 |
_2udc _cBK |
||
| 999 |
_c48196 _d48196 |
||